00909nam a22001697a 4500003000400000005001700004008004100021040000900062245005600071260005600127300001000183490003200193500039500225650004000620650002500660710005400685OSt20130522121919.0130522s1994 ||||| |||| 00| 0 spa d cCDMR00aCódigo de ética del periodista venezolano [...] a[Caracas]bOficina Central de Informaciónc[1994] a49 p.0 aComunicación y Mensajev4 aConté: Código de ética del periodista venezolano ; Código de ética de la Asociación Nacional de Anunciantes (ANDA) y la Federación Venezolana de Agencias Publicitarias (FEVAP) ; Código de ética de la Radiodifusión Venezolana ; Código de ética de la Asociación de Relaciones Públicas de Venezuela ; Código de ética de la Cámara Venezolana de la Televisión04aÈtica periodísticazVeneçuela04aCodis deontològics1 aVeneçuelab -- Oficina Central de Información